FIGURE RETORICHE - Statistics

General Stats
  • This quiz has been taken 50 times
  • The average score is 9 of 16
Answer Stats
DEFINIZIONE ESEMPIO Answer % Correct
confrontare due elementi stabilendo tra loro nessi logici esplicitati- si usano: come, quasi, pari a, simile a, tale, sembra, assomiglia, è uguale a.. i tuoi occhi sono come stelle- con passo di danza sei entrata nella mia vita quasi folata in una stanza chiusa similitudine
97%
similitudine abbreviata: sostituire un termine con un altro il cui significato ha con il primo un rapporto di somiglianza (lasciato all’intuizione) - quella ragazza è una vipera- ma pur, talvolta, quale profondo incanto e in questa desolata foresta di ricordi - baci di fiamma || una nevicata di stelle metafora
88%
esagerazione per ++ o – – (eufemismo) espresso da un concetto inverosimile ho sceso, dandoti braccio almeno un milione di scale - è un secolo che ti aspetto iperbole
76%
accostamento parole di senso opposto apparentemente incompatibili - è l’estate // fredda, dei morti - nel silenzio assordante ossimoro
76%
accostamento di termini appartenenti a sfere sensoriali (solo 5 sensi) differenti profumi freschi come carni infantili - venivano soffi di lampi sinestesia
73%
trattare come vivente oggetto concreto o astratto - venne Amore e mi rapì al primo sguardo - la Vita si ritolse tutte le sue promesse- Firenze // taceva, assorta nelle sue rovine personificazione
70%
sostituzione di una parola con un’altra basata su un rapporto di vicinanza logica - ho acquistato questa casa con il sudore della fronte - ho mangiato un piatto caldo- hai l’occhio per le misure - Marco è una buona forchetta - giovedì portate manzoni - impugnò il ferro per affrontare il nemico metonimia
67%
sostituzione di una parola con un’altra basata su rapporto di quantità- la parte per il tutto (e⟲) - il singolare per il plurale (e⟲) - il genere per la specie (e⟲) - arrivò con una potente quattro ruote- la massaia italiana spende molto per gli alimenti - il felino assalì la zebra sineddoche
64%
(o circonlocuzione) = giro di parole per designare qualcosa o qualcuno per sostituire parola specifica - la gloria di colui che tutto move- rosseggia parco ai bicchieri l’amico dell’uomo perifrasi
55%
accostamento parole o frasi opposte per ottenere contrasto (spesso disposti simmetricamente) - mi aspettano giorni dolci e giorni amari - di fuor si legge com’io dentro avampi- pace non trovo et non ò da far guerra antitesi
42%
nome proprio diventa nome comune persona o cosa per evidenziarne le qualità (e⟲) - il parroco deve trovare una perpetua (persona con caratteristiche di Perpetua)- La Signora è un personaggio complesso - Galeotto fu 'l libro e chi lo scrisse: quel giorno più non vi leggemmo avante antonomasia
42%
metafora condensata: due termini lontani tra loro messi in relazione eliminando passaggi logici;un solo termine che condensa il significato di un altro, lasciato all’intuizione del libero pensiero. rapporto fulmineo tra le cose, dilatazione del significato + testo ambiguo e > polisemico - "Tornano in alto ad ardere le favole..."(G. Ungaretti, Stelle, Sentimento del tempo, v.1) L’immagine delle favole richiama per suggestione quella delle stelle: tornano in cielo a splendere le stelle. [forse le favole sono quelle udite alla luce delle stelle, o forse le stelle sono come le favole, illusioni, che addolciscono la vita. libertà di interpretazione...] analogia
36%
attribuire a una parola le caratteristiche di un’altra parola della stessa frase ci fermammo nella fiorita pace del prato- cala con pigre ruote il falco - odi lontano, da giardini ed orti, di foglie un cader fragile ipallage
27%
accostamento di ≥ 2 parole con stessa radice - che ogni sera l’anima le possa amare d’amor più fort - istituite // a ingannare la luce, a dar luce all’inganno figura etimologica
24%
affermazione impossibile anche se il sole si scordasse di sorgere adynaton
21%
affermare qualcosa per dire il contrario o natura cortese // son questi i doni tuoi, // questi diletti sono che tu porgi ai mortali. Uscir di pena // è diletto fra noi [natura = cortese || diletti + doni = tregua sofferenze umanità] ironia
15%
No matching quizzes found
Score Distribution
Percent of People with Each Score
Percentile by Number Answered
Your Score History
You have not taken this quiz